000
00311nam a2200133Ia 4500
008
191201s2011 xx 000 0 und d
100
_a
SKRIEN,Dale
245
0
_a
Object Oriented Design using JAVA
250
_a
1st
260
_a
N. Delhi
_b
TMH
_c
2011
300
_a
926
650
_a
B.Tech(IT)
942
_2
ddc
_c
BK
999
_c
5054
_d
5054